| 000 | 00884cab a2200277 4500 | ||
|---|---|---|---|
| 001 | WB3343-05 | ||
| 008 | 090401t1997 xxu||||| |||| 00| 0 eng d | ||
| 035 | _a(Sirsi) u81925 | ||
| 041 | _aeng | ||
| 245 | _aLondon landmarks may benefit from traffic plan | ||
| 260 | _c1997 | ||
| 350 | _a0 | ||
| 490 |
_aFinancial Times _v6 November 1997, 7 |
||
| 490 |
_aTimes _v6 November 1997, 7(4) |
||
| 520 | _aLondon landmarks around Trafalgar Square, Parliament Square and Whitehall could be partially freed from traffic under government backed proposals out for consultation. Maps. | ||
| 650 | _aLONDON | ||
| 650 | _aPARLIAMENT SQUARE | ||
| 650 | _aPEDESTRIANISATION | ||
| 650 | _aSIR NORMAN FOSTER | ||
| 650 | _aTRAFALGAR SQUARE | ||
| 650 | _aWHITEHALL | ||
| 650 | _aWORLD SQUARES FOR ALL | ||
| 690 | _aPROPERTY-PROPERTY DEVELOPMENT | ||
| 942 | _n0 | ||
| 948 | _c06/11/1997 | ||
| 999 |
_c51663 _d51663 |
||